000 00628nam a22001937a 4500
003 Nust
005 20241030160903.0
008 170216b xxu||||| |||| 00| 0 eng d
040 _cNust-MCE
082 _a200
100 _aFarooq Arslan
_9126633
245 _aRehabilitation of Historic Buildings Gulzar Mahal Bahawalpur as a Case Study/
_cArslan Farooq
260 _aRisalpur
_bMCE
_c2014.
300 _aXI, 72 p.:
650 _aMS-Construction Engineering and Management
_9126573
700 _aSupervisor:Col Dr Naeem Baig
_9126634
856 _u http://10.250.8.41:8080/xmlui/handle/123456789/11823
942 _cSC
_2ddc
999 _c230032
_d230032